MDQL
is popping MORE tags! Check the
thread
!
Quizzes
Events
Quiz Creation
Community
Videos
Private Events
Remove Ads
Sign In
Join for FREE
Feedback
Dark Mode
Quiz Categories
Sports
Geography
Music
Movies
Television
Just For Fun
Miscellaneous
History
Literature
Language
Science
Gaming
Entertainment
Religion
Holiday
For Kids
Quiz Lab
Recent
Popular Today
Quiz Kudos Today
Editor Picks
Curator Picks
Quizzes by...
Day
Popularity
Type
Ratings
Length
Year
Community
Subscriptions
Recent Discussions
Orange Saloon
Badges
Playlists
Quests
Create
Leaderboards
Showdown
Live 5
Trivia Bingo
Activity
Puzzle Library
Sporcle Events
Private Events
Virtual Trivia
Globe League
Become a Host
Pub Owners
SporcleCon
Opinionation
Our Games
Videos
Blog
Mobile Apps
Partnerships
Remove Ads and Go Orange
Feedback
Music
Pop Music
The Beatles
Song
Album
Lyrics
Bands
Singers
Artist
Clip
Rock
Rap
Classical
Billboard
Country Music
Kpop
Taylor Swift
Music
Pop Music
The Beatles
Song
Album
Lyrics
Bands
Singers
Artist
Clip
Rock
Rap
Classical
Billboard
Country Music
Kpop
Taylor Swift
Random Quiz
Search Sporcle
×
Curator Pick
Curator Pick
Music
Album
Select answers by clicking on text or image buttons
Select answers by clicking on text or image buttons
Clickable
Best Score? Go Orange.
Match the Mariah Carey Song to the Album Stats
Can you pick the Match the Mariah Carey Song to the Album?
By
jasminem
10m
68 Questions
363 Plays
363 Plays
363 Plays
Comments
Comments
Give Quiz Kudos
Give Quiz Kudos
-
- Ratings
hide this ad
Forced Order
Answers have to be entered in order
Answers have to be entered in order
Replay
Link that replays current quiz
Next Quiz
Link to next quiz in quiz playlist
You Got
0%
They Got
Avg Score
83%
Avg Friend Score
Upgrade to see
Score Distribution
Jump to the score distribution portion of the page
Score
0/68
Timer
10:00
0
Plays Today
% Correct
Butterfly
91.5%
Daydream
90.9%
Mariah Carey
90.4%
Mariah Carey
89.5%
Butterfly
89.5%
Butterfly
89.3%
Rainbow
89.3%
Butterfly
89%
Daydream
88.7%
Rainbow
88.7%
Butterfly
88.4%
Music Box
88.2%
Butterfly
88.2%
Rainbow
88.2%
Mariah Carey
87.9%
Daydream
87.9%
Rainbow
87.9%
Rainbow
87.9%
Mariah Carey
87.3%
Emotions
86.8%
Daydream
86.8%
Rainbow
86.8%
Daydream
86.5%
Butterfly
86.2%
Mariah Carey
86%
Rainbow
86%
Daydream
85.7%
Daydream
85.4%
Daydream
85.4%
Rainbow
85.4%
Butterfly
85.1%
Rainbow
85.1%
Rainbow
84.8%
Rainbow
84.8%
% Correct
Music Box
84.6%
Daydream
84.6%
Rainbow
84.6%
Emotions
84.3%
Music Box
84.3%
Daydream
84%
Mariah Carey
83.5%
Daydream
83.5%
Rainbow
83.5%
Daydream
82.6%
Emotions
82.4%
Music Box
82.4%
Emotions
81.8%
Rainbow
81.8%
Emotions
81.5%
Music Box
81%
Mariah Carey
80.2%
Butterfly
80.2%
Mariah Carey
79.9%
Mariah Carey
79.6%
Music Box
79.6%
Butterfly
79.6%
Emotions
79.3%
Emotions
79.1%
Emotions
79.1%
Music Box
79.1%
Mariah Carey
78.8%
Butterfly
78.8%
Music Box
78.2%
Mariah Carey
77.7%
Emotions
73.3%
Emotions
71.6%
Music Box
69.1%
Music Box
68.9%
Quiz Playlist
Details
Report
Send in Message
Add To Playlist
Clickable:
Select answers by clicking on text or image buttons
Forced Order:
Answers have to be entered in order
Last Updated: Mar 19, 2017
Curator Pick in
Singers
Quiz Scoreboard
CHALLENGE
Sign Up to Join the Scoreboard
Show All
Scores
Hide
Comments
May contain spoilers
Recently Published
Image Sorting: Flags VI
by Barbecue
Geography
2m
Find the 'City' Movie
by crazypaving
Movies
60s
Colored Red Africa Blitz
by spor1
Geography
45s
More to Explore
Quiz From the Vault
Featured Blog Post
14 Easter Pick-up Lines to Find Eggs With
hide this ad
You Might Also Like...
Tags
Album Quiz
Clickable Quiz
Singers Quiz
Song Quiz
Carey
mariah
Mariah Carey
Today's Top Quizzes in Music
Browse Music
hide this ad
Today's Top Quizzes in Album
Browse Album
Top Contributed Quizzes in Music
1
5X2 Blitz: Bands II
2
5X2 Blitz: The Beatles
3
Taylor Swift All Songs (2024)
4
5X2 Blitz: Billboard
5
5X2 Blitz: Billboard II
6
5X2 Blitz: Album
7
5X2 Blitz: Rock
8
5X2 Blitz: Singers
9
Taylor Swift Logic Puzzle II
10
5X2 Blitz: Lyrics
Explore More
Trending Topics
Kpop
Marvel
Harry Potter
NBA
Disney
Crossword
Anime
WWE
Country
Puzzle
Song
Pokémon
NFL
The Office
Soccer
hide this ad
More By:
jasminem
Quiz
Plays
Rating
Category
Featured
Created
Match the Mariah Carey Song to the Album
363
5.00
Music
Apr 28, 2016
'90s Song Lyrics Match Up
144
5.00
Music
May 3, 2016
Go to Creator's Profile
Score Distribution
Quiz Creator Spotlight
jasminem
Follow
Send a Message
Quizzes Created
-
Created Quiz Play Count
-
More By This Creator
Popular Quizzes Today
1
Colored Red Africa Blitz
2
Find the US States - No Outlines Minefield
3
Find the 'City' Movie
4
5x2 Blitz: Bands
5
The Countries of the World
6
Find the US States
7
Find the Countries of Europe - No Outlines Minefield
8
US States
More Music Quizzes
Figure out the Lyrics - Taylor Swift IV
Quiz Lab
Trending Quizzes
Colored Red Europe Blitz I
Colored Red Europe Blitz II
Colored Red Africa Blitz II
Colored Red Europe Blitz III
Colored Red Africa Blitz III
Recently Updated
How Do You Spell That?
pecheneg
Godzilla Movies
pecheneg
Grab Bag: 4-10 Letters
pecheneg
2024 March Madness Bracket
pecheneg
Famous TV Couples
Peacemaker
Champions League XIs: Real Madrid
pecheneg
Largest US Cities 1790-2010
pecheneg
Rides in Walt Disney World
pecheneg
Most Oscar Losses (Acting)
pecheneg
Beyoncé Albums
pecheneg
Trending Topics
Marvel
Kpop
Harry Potter
Disney
Crossword
Anime
NBA
Pokémon
WWE
Puzzle
Soccer
The Office
Song
Country
NFL
Your Account Isn't Verified!
In order to create a playlist on Sporcle, you need to verify the email address you used during registration. Go to your
Sporcle Settings
to finish the process.
Report this User
Report this user for behavior that violates our
Community Guidelines
.
Details:
Send Report
Go to the Sporcle.com Mobile Site →
Comments